Statistics for Constellations by Star Quiz #1

Click here to take the quiz!

General Stats

  • This quiz has been taken 99 times
  • The average score is 13 of 20

Answer Stats

Star NameConstellation% Correct
BetelgeuseOrion
93%
SiriusCanis Major
86%
PolarisUrsa Minor
80%
PolluxGemini
79%
VegaLyra
71%
AldebaranTaurus
70%
Rigil KentaurusCentaurus
69%
AltairAquila
67%
AcruxCrux
65%
ArcturusBootes
63%
DenebCygnus
62%
RegulusLeo
62%
AntaresScorpius
62%
CapellaAuriga
58%
ProcyonCanis Minor
58%
SpicaVirgo
58%
DubheUrsa Major
51%
PeacockPavo
45%
MirfakPerseus
37%
MiraCetus
23%

Score Distribution

Percentile by Number Answered

Percent of People with Each Score

Your Score History

You have not taken this quiz